LEADER 02453nam 2200721Ia 450 001 9910455708203321 005 20200520144314.0 010 $a0-292-79892-X 035 $a(CKB)111090425017286 035 $a(OCoLC)300782765 035 $a(CaPaEBR)ebrary10245672 035 $a(SSID)ssj0000108905 035 $a(PQKBManifestationID)11140305 035 $a(PQKBTitleCode)TC0000108905 035 $a(PQKBWorkID)10044762 035 $a(PQKB)11107210 035 $a(MiAaPQ)EBC3443204 035 $a(OCoLC)55676481 035 $a(MdBmJHUP)muse1958 035 $a(Au-PeEL)EBL3443204 035 $a(CaPaEBR)ebr10245672 035 $a(EXLCZ)99111090425017286 100 $a19990419d2000 uy 0 101 0 $aeng 135 $aurcn||||||||| 181 $ctxt 182 $cc 183 $acr 200 10$aBarrio-logos$b[electronic resource] $espace and place in urban Chicano literature and culture /$fRau?l Homero Villa 205 $a1st ed. 210 $aAustin, TX $cUniversity of Texas Press$d2000 215 $a1 online resource (287 p.) 225 1 $aHistory, culture, and society series 300 $aBibliographic Level Mode of Issuance: Monograph 311 $a0-292-78741-3 320 $aIncludes bibliographical references and index. 410 0$aHistory, culture, and society series. 606 $aAmerican literature$xMexican American authors$xHistory and criticism 606 $aCity and town life in literature 606 $aHispanic American neighborhoods in literature 606 $aLocal color in literature 606 $aMexican Americans in literature 606 $aMexican Americans$xIntellectual life 606 $aSetting (Literature) 606 $aSpace and time in literature 608 $aElectronic books. 615 0$aAmerican literature$xMexican American authors$xHistory and criticism. 615 0$aCity and town life in literature. 615 0$aHispanic American neighborhoods in literature. 615 0$aLocal color in literature. 615 0$aMexican Americans in literature. 615 0$aMexican Americans$xIntellectual life. 615 0$aSetting (Literature) 615 0$aSpace and time in literature. 676 $a810.9/86872 700 $aVilla$b Rau?l$0962680 801 0$bMiAaPQ 801 1$bMiAaPQ 801 2$bMiAaPQ 906 $aBOOK 912 $a9910455708203321 996 $aBarrio-logos$92182883 997 $aUNINA LEADER 02724nam 2200493 450 001 9910479920103321 005 20181015164108.0 010 $a1-5261-3886-7 010 $a1-5261-2475-0 035 $a(CKB)4100000005116406 035 $a(MiAaPQ)EBC5446725 035 $a(OCoLC)1100961720 035 $a(MdBmJHUP)muse77795 035 $a(StDuBDS)EDZ0002253193 035 $a(EXLCZ)994100000005116406 100 $a20180510e20202018 fy| 0 101 0 $aeng 135 $aurcnu|||||||| 181 $ctxt$2rdacontent 182 $cc$2rdamedia 183 $acr$2rdacarrier 200 00$aSpain in the nineteenth century $enew essays on experiences of culture and society /$fedited by Andrew Ginger, Geraldine Lawless$b[electronic resource] 210 1$aManchester :$cManchester University Press,$d2020. 215 $a1 online resource (ix, 274 pages, 8 pages of plates) $cillustrations 225 1 $aInterventions. Rethinking the nineteenth century 225 1 $aManchester scholarship online 300 $aPreviously issued in print: 2018. 311 $a1-5261-2474-2 320 $aIncludes bibliographical references and index. 327 $aIntroduction: Andrew Ginger and Geraldine Lawless -- 1 How (not) to make a durable state / Natalia Sobrevilla Perea -- 2 How to be universal / Andrew Ginger -- 3 How to tell time / Geraldine Lawless -- 4 How to be religious under liberalism / Gregorio Alonso -- 5 How to prescribe a cure for the ills of art / Oscar Vázquez -- 6 How to know about right and wrong / Alison Sinclair -- 7 How to be a man / Collin McKinney -- 8 How to be a writer for the press - and how to write about it / Rhian Davies -- 9 How to be a cultural entrepreneur / Henriette Partzsch -- 10 How to be a man of letters / Raquel Sánchez -- 11 How to be an intellectual / Luis G. Martínez del Campo -- 12 How to live a colonial soldier?s life / Catherine Davies -- Index 330 8 $aConfronted by a complex new society, nineteenth-century Spaniards wrestled with how to envisage their lives. From trying to be universal through to acting as a cultural entrepreneur, this volume explores the possibilities and uncertainties that unfolded in their reconfigured world. 410 0$aInterventions. Rethinking the nineteenth century. 410 0$aManchester scholarship online. 607 $aSpain$xSocial conditions$y19th century 607 $aSpain$xIntellectual life$y19th century 676 $a306.0946 702 $aGinger$b Andrew$f1970- 702 $aLawless$b Geraldine$f1979- 801 0$bStDuBDS 801 1$bStDuBDS 906 $aBOOK 912 $a9910479920103321 996 $aSpain in the nineteenth century$92171831 997 $aUNINA